000 003780000a22001570004500
041 0 _aSPA
082 0 4 _aG 863 S6283w
100 1 _aSkinner, B. F. (Burrhus Frederic) (1904-)
245 1 0 _aWalden dos / B. F. Skinner
250 _a4
260 _aBarcelona, España : Fontanella
300 _a355 Pag
500 _aTítulo original : Walden two
001 11136
942 _cBK
999 _c40504
_d40504